| 000 | 00805cam a2200253 a 4500 | ||
|---|---|---|---|
| 001 | 46567127 | ||
| 003 | OCoLC | ||
| 005 | 20220330095730.0 | ||
| 008 | 010827s2001 cc a b 001 0 eng | ||
| 010 | _a2001276084 | ||
| 020 | _a0596000855 | ||
| 040 |
_aDLC _cDLC _dWIY _dCUS _dIXA _dUKM |
||
| 049 | _aEXNW | ||
| 050 | 0 | 0 |
_aQA76.73.P98 _bL88 2001 |
| 082 | 0 | 0 |
_a005.13/3 _221 |
| 100 | 1 | _aLutz, Mark. | |
| 245 | 1 | 0 |
_aProgramming Python / _cMark Lutz. |
| 250 | _a2nd ed. | ||
| 260 |
_aBeijing : _aSebastopol, CA : _bO'Reilly, _cc2001. |
||
| 300 |
_axxxvii, 1255 p. : _bill. ; _c24 cm. _e1 computer optical disc (4 3/4 in.) |
||
| 504 | _aIncludes bibliographical references and index. | ||
| 650 | 0 | _aPython (Computer program language) | |
| 942 |
_2lcc _cBOOK _hQA 76.73 .P98 _iL88 2001 |
||
| 999 |
_c23359 _d23359 |
||